00706nam a2200217Ia 4500003000400000005001700004008004100021020001500062040001800077041000800095082002000103100002100123245010400144250001200248260006500260300001600325650003800341650005100379650003600430700002200466OSt20220207151504.0210716s2006 xx 000 0 und d a0070600988 cAIMIT LIBRARY aeng a658.4 22bKINA aKinicki, Angelo. aOrganizational behaviour: bconcepts, skill and practices /cBy Angelo Kinicki and Robert Kreitner. a2nd ed. aNew Delhi :bTata McGraw Hill Publishing Company Ltd,c2006. aXvi,460p. ; aManaging prople in global economy aMaking decisions and managing social processes aManaging evolving organizations aKreitner, Robert.